| 000 | 01448cam a2200313 a 4500 | ||
|---|---|---|---|
| 001 | 000014217 | ||
| 005 | 20200929163526.0 | ||
| 008 | 050110s2002 ve a 001 0 spa d | ||
| 020 | _a9803171836 | ||
| 040 |
_aDO-SdBNP _cDLC _dBNPHU |
||
| 082 |
_a338.98 _bM578b |
||
| 100 | 1 |
_aMesa-Lago, Carmelo, _d1934- _930940 |
|
| 240 | 1 | 0 |
_aMarket, socialist, and mixed economies. Comparative policy and performance. Chile, Cuba and Costa Rica. _lEspañol |
| 245 | 1 | 0 |
_aBuscando un modelo económico en América Latina : _bmercado, socialista o mixto. Chile, Cuba y Costa Rica / _cCarmelo Mesa-Lago ; colaboración de Alberto Arenas de Mesa ... [et al.]. |
| 260 |
_aCaracas : _bNueva Sociedad ; _bUniversidad Internacional de la Florida, _c2002. |
||
| 300 |
_a681 p. : _bil. ; _c23 cm. |
||
| 534 |
_aTraducción del idioma inglés: _tMarket, socialist, and mixed economies. comparative policy and performance. Chile, Cuba and Costa Rica. _bBaltimore : The Johns Hopkins University Press, 2000 |
||
| 500 | _aIncluye índice temático. | ||
| 650 | 4 |
_aDesarrollo económico _zAmérica Latina _931377 |
|
| 651 | 4 |
_aAmérica Latina _xCondiciones Económicas _95778 |
|
| 650 | 4 |
_aModelos económicos _zAmérica Latina _932117 |
|
| 700 | 1 |
_aArenas de Mesa, Alberto. _932118 |
|
| 700 | 1 |
_aBrenes, Iván. _932119 |
|
| 700 | 1 |
_aMontecinos, Verónica. _932120 |
|
| 700 | 1 |
_aSamara, Mark. _932121 |
|
| 910 | _aCatalogación derivada | ||
| 910 | _aWM | ||
| 049 | _aBNGR | ||
| 999 |
_c13816 _d13816 |
||